|
|
|
|
| LEADER |
00000nas a2200000 a 4500 |
| 001 |
ssj0013087 |
| 003 |
WaSeSS |
| 005 |
20200512172242.0 |
| 006 |
m d |
| 007 |
cr n |
| 008 |
000407d19602007enkbr pss 0 0eng c |
| 010 |
|
|
|a 2007233680
|
| 016 |
7 |
|
|a 1472156-9
|2 DE-600
|
| 022 |
|
|
|a 1469-5073
|l 0016-6723
|y 0016-6723
|
| 035 |
|
|
|a (WaSeSS)ssj0013087
|
| 040 |
|
|
|a F#A
|b eng
|c F#A
|d OCLCQ
|d OCL
|d GUA
|d HNK
|d OCLCQ
|d HEBIS
|d OCLCQ
|d OCLCF
|d VT2
|d EUW
|d OCLCQ
|d RCE
|d AUD
|d WaSeSS
|
| 042 |
|
|
|a pcc
|
| 050 |
1 |
4 |
|a QH431.A1
|
| 060 |
0 |
0 |
|a W1
|b GE288
|
| 082 |
0 |
4 |
|a 576.5
|
| 130 |
0 |
|
|a Genetical research (Online)
|
| 245 |
1 |
0 |
|a Genetical research
|h [electronic resource].
|
| 260 |
|
|
|a [London] :
|b Cambridge University Press
|
| 310 |
|
|
|a Bimonthly
|
| 362 |
1 |
|
|a Print began with vol. 1, no. 1 (Feb. 1960); ceased with v. 89, no. 5-6 (Dec. 2007).
|
| 506 |
|
|
|a License restrictions may limit access.
|
| 538 |
|
|
|a Mode of access: World Wide Web.
|
| 588 |
|
|
|a Description based on: Vol. 69, issue 1 (Feb. 1997); title from contents screen (Cambridge journals, viewed Aug. 13, 2007).
|
| 588 |
|
|
|a Latest issue consulted: Vol. 89, no. 5-6 (Dec. 2007).
|
| 650 |
|
0 |
|a Genetics
|v Periodicals.
|
| 650 |
|
0 |
|a Heredity
|v Periodicals.
|
| 650 |
|
7 |
|a Genetics.
|2 fast
|0 (OCoLC)fst00940117
|
| 650 |
|
7 |
|a Heredity.
|2 fast
|0 (OCoLC)fst00955412
|
| 655 |
|
0 |
|a Electronic journals.
|
| 776 |
0 |
8 |
|i Print version:
|t Genetical research
|x 0016-6723
|w (DLC) 63023747
|w (OCoLC)2113809
|
| 785 |
0 |
0 |
|t Genetics research
|w (OCoLC)297182334
|
| 856 |
4 |
0 |
|z Full text available from Research Library: 02/01/2001 to 12/31/2007
|u https://search.proquest.com/publication/39447
|